[Event "2023 National K-12 Grade Championships"]
[Site "Orlando, Florida, United States"]
[Date "2023.12.16"]
[Round "4.10"]
[White "Roberts, Aston"]
[Black "Gao, Marvin"]
[Result "1/2-1/2"]
[TimeControl "G/90;d10"]
[WhiteElo "2075"]
[BlackElo "2306"]

1. e4 {[%clk 01:21:04]} {[%emt 00:09:05]} e5 {[%clk 01:29:47]} {[%emt
00:00:24]} 2. Nf3 {[%clk 01:20:58]} {[%emt 00:00:15]} Nc6 {[%clk 01:29:33]}
{[%emt 00:00:23]} 3. Bb5 {[%clk 01:20:58]} {[%emt 00:00:11]} g6 {[%clk
01:29:15]} {[%emt 00:00:28]} 4. O-O {[%clk 01:19:44]} {[%emt 00:01:23]} Bg7
{[%clk 01:29:13]} {[%emt 00:00:13]} 5. Re1 {[%clk 01:18:10]} {[%emt 00:01:43]}
Nge7 {[%clk 01:26:01]} {[%emt 00:03:23]} 6. Nc3 {[%clk 01:10:37]} {[%emt
00:07:43]} a6 {[%clk 01:25:01]} {[%emt 00:01:11]} 7. Bf1 {[%clk 01:09:27]}
{[%emt 00:01:19]} O-O {[%clk 01:24:24]} {[%emt 00:00:45]} 8. b3 {[%clk
01:07:50]} {[%emt 00:01:48]} Nd4 {[%clk 01:14:55]} {[%emt 00:09:40]} 9. Nxd4
{[%clk 01:02:15]} {[%emt 00:05:45]} exd4 {[%clk 01:14:42]} {[%emt 00:00:23]} 10.
Nd5 {[%clk 01:02:15]} {[%emt 00:00:07]} Nxd5 {[%clk 01:07:00]} {[%emt
00:07:52]} 11. exd5 {[%clk 01:00:36]} {[%emt 00:01:49]} d6 {[%clk 01:03:03]}
{[%emt 00:04:08]} 12. Bb2 {[%clk 00:42:50]} {[%emt 00:17:56]} Qg5 {[%clk
00:55:20]} {[%emt 00:07:53]} 13. c4 {[%clk 00:41:32]} {[%emt 00:01:27]} dxc3
{[%clk 00:54:06]} {[%emt 00:01:26]} 14. dxc3 {[%clk 00:41:32]} {[%emt
00:00:05]} Bf5 {[%clk 00:45:09]} {[%emt 00:09:06]} 15. Qe2 {[%clk 00:38:50]}
{[%emt 00:02:52]} Qd8 {[%clk 00:37:18]} {[%emt 00:08:02]} 16. f3 {[%clk
00:34:54]} {[%emt 00:04:05]} g5 {[%clk 00:35:06]} {[%emt 00:02:23]} 17. c4
{[%clk 00:33:34]} {[%emt 00:01:30]} h6 {[%clk 00:28:56]} {[%emt 00:06:19]} 18.
Bxg7 {[%clk 00:29:17]} {[%emt 00:04:28]} Kxg7 {[%clk 00:28:49]} {[%emt
00:00:18]} 19. Qb2+ {[%clk 00:27:09]} {[%emt 00:02:18]} Qf6 {[%clk 00:28:31]}
{[%emt 00:00:28]} 20. Qxf6+ {[%clk 00:27:07]} {[%emt 00:00:11]} Kxf6 {[%clk
00:28:31]} {[%emt 00:00:06]} 21. Re3 {[%clk 00:27:01]} {[%emt 00:00:17]} Rfe8
{[%clk 00:25:26]} {[%emt 00:03:14]} 22. Rae1 {[%clk 00:26:18]} {[%emt
00:00:52]} Rxe3 {[%clk 00:23:48]} {[%emt 00:01:50]} 23. Rxe3 {[%clk 00:26:18]}
{[%emt 00:00:01]} a5 {[%clk 00:22:50]} {[%emt 00:01:09]} 24. a3 {[%clk
00:25:19]} {[%emt 00:01:08]} b6 {[%clk 00:22:20]} {[%emt 00:00:40]} 25. Kf2
{[%clk 00:25:12]} {[%emt 00:00:17]} h5 {[%clk 00:19:52]} {[%emt 00:02:38]} 26.
Ke2 {[%clk 00:24:07]} {[%emt 00:01:14]} h4 {[%clk 00:19:12]} {[%emt 00:00:50]}
27. Kd2 {[%clk 00:24:01]} {[%emt 00:00:17]} Bd7 {[%clk 00:17:33]} {[%emt
00:01:49]} 28. Kc3 {[%clk 00:23:05]} {[%emt 00:01:05]} Re8 {[%clk 00:16:04]}
{[%emt 00:01:39]} 29. Rxe8 {[%clk 00:22:39]} {[%emt 00:00:37]} Bxe8 {[%clk
00:16:04]} {[%emt 00:00:02]} 30. Kd4 {[%clk 00:22:30]} {[%emt 00:00:18]} Bd7
{[%clk 00:14:40]} {[%emt 00:01:35]} 31. b4 {[%clk 00:21:29]} {[%emt 00:01:11]}
axb4 {[%clk 00:13:52]} {[%emt 00:00:59]} 32. axb4 {[%clk 00:21:29]} {[%emt
00:00:02]} Bf5 {[%clk 00:12:32]} {[%emt 00:01:30]} 33. Be2 {[%clk 00:20:59]}
{[%emt 00:00:40]} Bc2 {[%clk 00:12:07]} {[%emt 00:00:34]} 34. g3 {[%clk
00:20:30]} {[%emt 00:00:40]} hxg3 {[%clk 00:11:35]} {[%emt 00:00:42]} 35. hxg3
{[%clk 00:20:30]} {[%emt 00:00:02]} Bf5 {[%clk 00:09:50]} {[%emt 00:01:55]} 36.
Bf1 {[%clk 00:15:12]} {[%emt 00:05:27]} Bc2 {[%clk 00:08:59]} {[%emt 00:01:01]}
37. Bh3 {[%clk 00:13:03]} {[%emt 00:02:20]} Bf5 {[%clk 00:07:51]} {[%emt
00:01:17]} 38. Bg2 {[%clk 00:11:28]} {[%emt 00:01:44]} Bc2 {[%clk 00:07:38]}
{[%emt 00:00:24]} 39. Bf1 {[%clk 00:11:16]} {[%emt 00:00:22]} Bf5 {[%clk
00:07:26]} {[%emt 00:00:22]} 40. Be2 {[%clk 00:11:16]} {[%emt 00:00:08]} Bc2
{[%clk 00:07:26]} {[%emt 00:00:11]} 41. Bf1 {[%clk 00:06:29]} {[%emt 00:04:56]}
1/2-1/2

[Event "2023 National K-12 Grade Championships"]
[Site "Orlando, Florida, United States"]
[Date "2023.12.16"]
[Round "4.11"]
[White "Zhang, Roger"]
[Black "Sahai, Neel"]
[Result "0-1"]
[TimeControl "G/90;d10"]
[WhiteElo "2214"]
[BlackElo "1980"]

1. e4 {[%clk 01:30:00]} {[%emt 00:57:50]} c5 {[%clk 01:27:57]} {[%emt
00:02:15]} 2. Nf3 {[%clk 01:30:00]} {[%emt 00:00:09]} e6 {[%clk 01:27:57]}
{[%emt 00:00:03]} 3. d4 {[%clk 01:29:51]} {[%emt 00:00:19]} cxd4 {[%clk
01:27:57]} {[%emt 00:00:03]} 4. Nxd4 {[%clk 01:29:51]} {[%emt 00:00:06]} Nc6
{[%clk 01:27:57]} {[%emt 00:00:02]} 5. Nc3 {[%clk 01:29:44]} {[%emt 00:00:17]}
Qc7 {[%clk 01:27:57]} {[%emt 00:00:03]} 6. Be3 {[%clk 01:27:44]} {[%emt
00:02:09]} a6 {[%clk 01:26:24]} {[%emt 00:01:44]} 7. Qf3 {[%clk 01:27:44]}
{[%emt 00:00:10]} Ne5 {[%clk 01:25:39]} {[%emt 00:00:55]} 8. Qg3 {[%clk
01:27:27]} {[%emt 00:00:26]} b5 {[%clk 01:24:39]} {[%emt 00:01:10]} 9. O-O-O
{[%clk 01:18:14]} {[%emt 00:09:23]} Nf6 {[%clk 01:23:52]} {[%emt 00:00:57]} 10.
f4 {[%clk 01:17:12]} {[%emt 00:01:13]} Neg4 {[%clk 01:09:55]} {[%emt 00:14:07]}
11. Bg1 {[%clk 01:16:54]} {[%emt 00:00:27]} b4 {[%clk 01:04:44]} {[%emt
00:05:22]} 12. Nb1 {[%clk 01:12:16]} {[%emt 00:04:47]} h5 {[%clk 01:00:54]}
{[%emt 00:04:00]} 13. Nd2 {[%clk 01:08:22]} {[%emt 00:04:05]} h4 {[%clk
00:57:36]} {[%emt 00:03:28]} 14. Qf3 {[%clk 01:04:14]} {[%emt 00:04:18]} Bb7
{[%clk 00:51:55]} {[%emt 00:05:51]} 15. h3 {[%clk 00:55:51]} {[%emt 00:08:32]}
Nh6 {[%clk 00:51:55]} {[%emt 00:00:04]} 16. Bd3 {[%clk 00:52:21]} {[%emt
00:03:40]} Be7 {[%clk 00:47:30]} {[%emt 00:04:36]} 17. Be3 {[%clk 00:38:18]}
{[%emt 00:14:12]} Rc8 {[%clk 00:42:47]} {[%emt 00:04:53]} 18. Qf2 {[%clk
00:34:05]} {[%emt 00:04:24]} d5 {[%clk 00:39:58]} {[%emt 00:02:59]} 19. e5
{[%clk 00:34:03]} {[%emt 00:00:12]} Ne4 {[%clk 00:39:05]} {[%emt 00:01:04]} 20.
Bxe4 {[%clk 00:30:52]} {[%emt 00:03:21]} dxe4 {[%clk 00:39:05]} {[%emt
00:00:04]} 21. Rhe1 {[%clk 00:28:12]} {[%emt 00:02:49]} Nf5 {[%clk 00:37:27]}
{[%emt 00:01:47]} 22. N2b3 {[%clk 00:27:46]} {[%emt 00:00:36]} Nxe3 {[%emt
00:02:41]} 23. Qxe3 {[%clk 00:27:28]} {[%emt 00:00:20]} Bd5 {[%clk 00:33:39]}
{[%emt 00:01:36]} 24. Kb1 {[%clk 00:26:36]} {[%emt 00:01:02]} a5 {[%clk
00:30:40]} {[%emt 00:03:10]} 25. Nd2 {[%clk 00:21:24]} {[%emt 00:05:21]} Bc5
{[%clk 00:27:35]} {[%emt 00:03:15]} 26. Nxe4 {[%clk 00:18:27]} {[%emt
00:03:07]} Bxd4 {[%clk 00:25:30]} {[%emt 00:02:15]} 27. Qxd4 {[%clk 00:18:11]}
{[%emt 00:00:26]} Qxc2+ {[%clk 00:25:30]} {[%emt 00:00:04]} 28. Ka1 {[%clk
00:18:10]} {[%emt 00:00:11]} O-O {[%clk 00:24:08]} {[%emt 00:01:31]} 29. b3
{[%clk 00:13:40]} {[%emt 00:04:40]} Bxe4 {[%clk 00:19:19]} {[%emt 00:04:59]} 30.
Qxe4 {[%clk 00:13:40]} {[%emt 00:00:05]} Qxe4 {[%clk 00:19:11]} {[%emt
00:00:18]} 31. Rxe4 {[%clk 00:13:28]} {[%emt 00:00:22]} Rc2 {[%clk 00:19:11]}
{[%emt 00:00:03]} 32. Rg1 {[%clk 00:09:49]} {[%emt 00:03:49]} Rf2 {[%clk
00:13:56]} {[%emt 00:05:25]} 33. a3 {[%clk 00:09:05]} {[%emt 00:00:54]} Rb8
{[%emt 00:01:15]} 34. axb4 {[%clk 00:06:24]} {[%emt 00:02:50]} Rxb4 {[%clk
00:12:53]} {[%emt 00:00:03]} 35. Rxb4 {[%clk 00:06:24]} {[%emt 00:00:03]} axb4
{[%clk 00:12:53]} {[%emt 00:00:02]} 36. Rc1 {[%clk 00:06:24]} {[%emt 00:00:05]}
Rxg2 {[%clk 00:11:27]} {[%emt 00:01:36]} 37. Rc4 {[%clk 00:05:41]} {[%emt
00:00:53]} Rg3 {[%clk 00:11:15]} {[%emt 00:00:22]} 38. Kb2 {[%clk 00:05:01]}
{[%emt 00:00:50]} Rxh3 {[%clk 00:10:10]} {[%emt 00:01:15]} 39. Rxb4 {[%clk
00:05:01]} {[%emt 00:00:01]} Rh1 {[%clk 00:09:26]} {[%emt 00:00:54]} 40. Rd4
{[%clk 00:04:40]} {[%emt 00:00:32]} h3 {[%clk 00:09:20]} {[%emt 00:00:16]} 41.
b4 {[%clk 00:04:09]} {[%emt 00:00:41]} h2 {[%clk 00:09:20]} {[%emt 00:00:06]}
42. Rd2 {[%clk 00:04:09]} {[%emt 00:00:08]} Rb1+ {[%clk 00:09:20]} {[%emt
00:00:04]} 0-1

[Event "2023 National K-12 Grade Championships"]
[Site "Orlando, Florida, United States"]
[Date "2023.12.16"]
[Round "4.12"]
[White "Hardaway, Brewington"]
[Black "Nair, Advait"]
[Result "1/2-1/2"]
[TimeControl "G/90;d10"]
[WhiteElo "2457"]
[BlackElo "2100"]

1. e4 {[%clk 01:30:00]} {[%emt 00:00:01]} c5 {[%clk 01:30:00]} {[%emt
00:00:08]} 2. Nf3 {[%clk 01:30:00]} {[%emt 00:00:03]} d6 {[%clk 01:30:00]}
{[%emt 00:00:07]} 3. d4 {[%clk 01:30:00]} {[%emt 00:00:02]} cxd4 {[%clk
01:30:00]} {[%emt 00:00:07]} 4. Qxd4 {[%clk 01:30:00]} {[%emt 00:00:03]} Nc6
{[%clk 01:29:33]} {[%emt 00:00:37]} 5. Qe3 {[%clk 01:30:00]} {[%emt 00:00:05]}
Nf6 {[%clk 01:28:57]} {[%emt 00:00:46]} 6. Be2 {[%clk 01:28:39]} {[%emt
00:01:32]} g6 {[%clk 01:25:50]} {[%emt 00:03:15]} 7. h3 {[%clk 01:26:36]}
{[%emt 00:02:14]} Bg7 {[%clk 01:24:39]} {[%emt 00:01:21]} 8. O-O {[%clk
01:26:00]} {[%emt 00:00:46]} O-O {[%clk 01:24:39]} {[%emt 00:00:07]} 9. c4
{[%clk 01:25:53]} {[%emt 00:00:17]} Nd7 {[%clk 01:21:22]} {[%emt 00:03:27]} 10.
Nc3 {[%clk 01:25:50]} {[%emt 00:00:13]} Nde5 {[%clk 01:21:22]} {[%emt
00:00:09]} 11. Nxe5 {[%clk 01:24:58]} {[%emt 00:01:01]} Nxe5 {[%clk 01:21:18]}
{[%emt 00:00:13]} 12. Rd1 {[%clk 01:24:40]} {[%emt 00:00:28]} Nd7 {[%clk
01:07:17]} {[%emt 00:14:11]} 13. Qg3 {[%clk 01:22:11]} {[%emt 00:02:39]} Nc5
{[%clk 01:05:12]} {[%emt 00:02:16]} 14. Qh4 {[%clk 01:22:07]} {[%emt 00:00:14]}
Be6 {[%clk 00:59:58]} {[%emt 00:05:24]} 15. Bh6 {[%clk 01:19:33]} {[%emt
00:02:42]} Bxh6 {[%clk 00:47:07]} {[%emt 00:13:03]} 16. Qxh6 {[%clk 01:19:33]}
{[%emt 00:00:02]} Qb6 {[%clk 00:45:51]} {[%emt 00:01:25]} 17. b3 {[%clk
01:17:52]} {[%emt 00:01:51]} Rfe8 {[%clk 00:43:42]} {[%emt 00:02:18]} 18. Qe3
{[%clk 01:12:24]} {[%emt 00:05:36]} Nd7 {[%clk 00:38:04]} {[%emt 00:05:50]} 19.
Qg3 {[%clk 01:11:25]} {[%emt 00:01:08]} Rac8 {[%clk 00:36:49]} {[%emt
00:01:27]} 20. Kh2 {[%clk 01:08:21]} {[%emt 00:03:13]} Kh8 {[%clk 00:35:50]}
{[%emt 00:01:09]} 21. f4 {[%clk 01:07:23]} {[%emt 00:01:08]} f6 {[%clk
00:34:24]} {[%emt 00:01:38]} 22. h4 {[%clk 01:05:29]} {[%emt 00:02:04]} Bf7
{[%clk 00:32:00]} {[%emt 00:02:33]} 23. Qh3 {[%clk 00:59:38]} {[%emt 00:05:59]}
Rcd8 {[%clk 00:30:52]} {[%emt 00:01:19]} 24. Rf1 {[%clk 00:45:52]} {[%emt
00:13:55]} a6 {[%clk 00:27:53]} {[%emt 00:03:11]} 25. Rad1 {[%clk 00:41:18]}
{[%emt 00:04:44]} Qa5 {[%clk 00:25:26]} {[%emt 00:02:37]} 26. g4 {[%clk
00:36:29]} {[%emt 00:04:59]} b5 {[%clk 00:22:03]} {[%emt 00:03:33]} 27. h5
{[%clk 00:23:55]} {[%emt 00:12:44]} gxh5 {[%clk 00:21:34]} {[%emt 00:00:38]} 28.
g5 {[%clk 00:21:27]} {[%emt 00:02:39]} bxc4 {[%clk 00:21:10]} {[%emt 00:00:33]}
29. Bxc4 {[%clk 00:20:07]} {[%emt 00:01:31]} Bxc4 {[%clk 00:19:20]} {[%emt
00:02:01]} 30. bxc4 {[%clk 00:20:06]} {[%emt 00:00:11]} fxg5 {[%clk 00:18:45]}
{[%emt 00:00:44]} 31. Rd5 {[%clk 00:19:30]} {[%emt 00:00:47]} Qb4 {[%clk
00:18:00]} {[%emt 00:00:53]} 1/2-1/2

[Event "2023 National K-12 Grade Championships"]
[Site "Orlando, Florida, United States"]
[Date "2023.12.16"]
[Round "4.13"]
[White "Raju, Yakshwag Reddy"]
[Black "Zhao, Erick"]
[Result "0-1"]
[TimeControl "G/90;d10"]
[WhiteElo "2030"]
[BlackElo "2441"]

1. e4 {[%emt 00:01:25]} c5 {[%clk 01:27:35]} {[%emt 00:02:24]} 2. Nf3 {[%clk
01:26:22]} {[%emt 00:02:42]} e6 {[%clk 01:27:35]} {[%emt 00:00:07]} 3. d4
{[%clk 01:26:15]} {[%emt 00:00:17]} cxd4 {[%clk 01:27:35]} {[%emt 00:00:06]} 4.
Nxd4 {[%clk 01:26:15]} {[%emt 00:00:04]} Nf6 {[%clk 01:27:35]} {[%emt
00:00:07]} 5. Nc3 {[%clk 01:25:26]} {[%emt 00:00:58]} Nc6 {[%clk 01:27:34]}
{[%emt 00:00:13]} 6. Ndb5 {[%clk 01:25:04]} {[%emt 00:00:31]} Bc5 {[%clk
01:27:34]} {[%emt 00:00:06]} 7. Nd6+ {[%clk 01:24:07]} {[%emt 00:01:07]} Ke7
{[%clk 01:27:34]} {[%emt 00:00:05]} 8. Bf4 {[%clk 01:24:07]} {[%emt 00:00:06]}
e5 {[%clk 01:27:13]} {[%emt 00:00:32]} 9. Nf5+ {[%clk 01:23:13]} {[%emt
00:01:04]} Kf8 {[%clk 01:27:13]} {[%emt 00:00:07]} 10. Be3 {[%clk 01:22:14]}
{[%emt 00:01:09]} Bb4 {[%clk 01:23:40]} {[%emt 00:03:43]} 11. Nd6 {[%clk
01:09:12]} {[%emt 00:13:11]} Qe7 {[%clk 01:16:13]} {[%emt 00:07:36]} 12. Nf5
{[%clk 01:03:26]} {[%emt 00:05:58]} Qe6 {[%clk 01:12:55]} {[%emt 00:03:26]} 13.
Qd3 {[%clk 01:00:53]} {[%emt 00:02:44]} d5 {[%clk 01:00:02]} {[%emt 00:12:56]}
14. exd5 {[%clk 00:54:57]} {[%emt 00:06:12]} Nxd5 {[%clk 00:58:33]} {[%emt
00:01:38]} 15. Rd1 {[%clk 00:54:40]} {[%emt 00:00:28]} Nf4 {[%clk 00:53:32]}
{[%emt 00:05:12]} 16. Qd8+ {[%clk 00:44:35]} {[%emt 00:10:15]} Nxd8 {[%clk
00:53:32]} {[%emt 00:00:09]} 17. Rxd8+ {[%clk 00:44:35]} {[%emt 00:00:05]} Qe8
{[%clk 00:53:32]} {[%emt 00:00:02]} 18. Rxe8+ {[%clk 00:44:33]} {[%emt
00:00:13]} Kxe8 {[%clk 00:53:32]} {[%emt 00:00:02]} 19. Nxg7+ {[%clk 00:44:13]}
{[%emt 00:00:30]} Ke7 {[%clk 00:47:29]} {[%emt 00:06:09]} 20. Bxf4 {[%clk
00:43:01]} {[%emt 00:01:25]} exf4 {[%clk 00:47:15]} {[%emt 00:00:23]} 21. Nh5
{[%clk 00:43:01]} {[%emt 00:00:06]} f3 {[%clk 00:42:33]} {[%emt 00:04:53]} 22.
Nf4 {[%clk 00:41:42]} {[%emt 00:01:29]} Bxc3+ {[%clk 00:41:46]} {[%emt
00:00:57]} 23. bxc3 {[%clk 00:41:42]} {[%emt 00:00:05]} fxg2 {[%clk 00:40:02]}
{[%emt 00:01:54]} 24. Nd5+ {[%clk 00:41:42]} {[%emt 00:00:08]} Kd6 {[%clk
00:39:16]} {[%emt 00:00:55]} 25. Bxg2 {[%clk 00:41:41]} {[%emt 00:00:11]} Be6
{[%clk 00:37:58]} {[%emt 00:01:27]} 26. O-O {[%clk 00:41:05]} {[%emt 00:00:47]}
Rhg8 {[%clk 00:37:19]} {[%emt 00:00:49]} 27. Nf6 {[%clk 00:41:05]} {[%emt
00:00:06]} Rg6 {[%clk 00:37:10]} {[%emt 00:00:19]} 28. Rd1+ {[%clk 00:40:58]}
{[%emt 00:00:16]} Ke7 {[%clk 00:37:05]} {[%emt 00:00:15]} 29. Ne4 {[%clk
00:40:54]} {[%emt 00:00:15]} f5 {[%clk 00:36:44]} {[%emt 00:00:31]} 30. Nc5
{[%clk 00:40:37]} {[%emt 00:00:27]} Rag8 {[%clk 00:36:42]} {[%emt 00:00:11]}
0-1

[Event "2023 National K-12 Grade Championships"]
[Site "Orlando, Florida, United States"]
[Date "2023.12.16"]
[Round "4.14"]
[White "Reiss, Aiden"]
[Black "Bruni, Xavier"]
[Result "1/2-1/2"]
[TimeControl "G/90;d10"]
[WhiteElo "2260"]
[BlackElo "1991"]

1. e4 {[%clk 01:20:37]} {[%emt 00:09:32]} e5 {[%emt 00:00:24]} 2. Nf3 {[%clk
01:20:19]} {[%emt 00:00:11]} Nc6 {[%clk 01:30:00]} {[%emt 00:00:04]} 3. Bb5
{[%clk 01:20:19]} {[%emt 00:00:06]} a6 {[%clk 01:30:00]} {[%emt 00:00:03]} 4.
Ba4 {[%clk 01:20:19]} {[%emt 00:00:08]} Nf6 {[%clk 01:30:00]} {[%emt 00:00:03]}
5. O-O {[%clk 01:20:19]} {[%emt 00:00:08]} Be7 {[%clk 01:30:00]} {[%emt
00:00:04]} 6. Re1 {[%clk 01:20:19]} {[%emt 00:00:01]} b5 {[%clk 01:30:00]}
{[%emt 00:00:05]} 7. Bb3 {[%clk 01:20:19]} {[%emt 00:00:10]} O-O {[%clk
01:30:00]} {[%emt 00:00:05]} 8. a4 {[%clk 01:20:19]} {[%emt 00:00:04]} Na5
{[%clk 01:30:00]} {[%emt 00:00:05]} 9. Ba2 {[%clk 01:18:50]} {[%emt 00:01:38]}
d5 {[%clk 01:30:00]} {[%emt 00:00:04]} 10. Nxe5 {[%clk 01:12:46]} {[%emt
00:06:14]} dxe4 {[%clk 01:25:38]} {[%emt 00:04:32]} 11. d4 {[%clk 01:08:56]}
{[%emt 00:04:00]} Bb7 {[%clk 01:17:35]} {[%emt 00:08:13]} 12. c3 {[%clk
01:07:52]} {[%emt 00:01:14]} Nd7 {[%clk 01:05:09]} {[%emt 00:12:37]} 13. Qe2
{[%clk 01:04:30]} {[%emt 00:03:32]} Nxe5 {[%clk 00:56:15]} {[%emt 00:09:04]} 14.
dxe5 {[%clk 01:04:15]} {[%emt 00:00:24]} b4 {[%clk 00:56:13]} {[%emt 00:00:13]}
15. cxb4 {[%clk 01:01:42]} {[%emt 00:02:43]} Nc6 {[%clk 00:55:29]} {[%emt
00:00:53]} 16. Rd1 {[%clk 00:55:03]} {[%emt 00:06:49]} Nd4 {[%clk 00:53:40]}
{[%emt 00:01:59]} 17. Qf1 {[%clk 00:54:18]} {[%emt 00:00:55]} Bxb4 {[%clk
00:52:10]} {[%emt 00:01:41]} 18. Nc3 {[%clk 00:48:24]} {[%emt 00:06:04]} c5
{[%clk 00:42:37]} {[%emt 00:09:43]} 19. Be3 {[%clk 00:46:34]} {[%emt 00:01:59]}
Qe7 {[%clk 00:29:26]} {[%emt 00:13:21]} 20. Nd5 {[%clk 00:40:02]} {[%emt
00:06:42]} Bxd5 {[%clk 00:28:56]} {[%emt 00:00:41]} 21. Bxd5 {[%clk 00:40:02]}
{[%emt 00:00:03]} Rad8 {[%clk 00:28:56]} {[%emt 00:00:07]} 22. Bxe4 {[%clk
00:38:15]} {[%emt 00:01:57]} Qxe5 {[%clk 00:28:51]} {[%emt 00:00:15]} 23. Bd3
{[%clk 00:34:36]} {[%emt 00:03:48]} a5 {[%clk 00:27:54]} {[%emt 00:01:07]} 24.
Bc4 {[%clk 00:34:02]} {[%emt 00:00:44]} h6 {[%clk 00:26:51]} {[%emt 00:01:14]}
25. Rd3 {[%clk 00:31:51]} {[%emt 00:02:21]} Rd6 {[%clk 00:21:38]} {[%emt
00:05:23]} 26. Rad1 {[%clk 00:31:09]} {[%emt 00:00:51]} Rfd8 {[%clk 00:21:18]}
{[%emt 00:00:31]} 27. f4 {[%clk 00:25:56]} {[%emt 00:05:23]} Qe4 {[%clk
00:20:16]} {[%emt 00:01:12]} 28. Qf2 {[%clk 00:23:15]} {[%emt 00:02:51]} Nf5
{[%clk 00:19:03]} {[%emt 00:01:23]} 29. Rxd6 {[%clk 00:22:56]} {[%emt
00:00:30]} Rxd6 {[%clk 00:19:03]} {[%emt 00:00:07]} 30. Rxd6 {[%clk 00:22:28]}
{[%emt 00:00:38]} Nxd6 {[%clk 00:19:03]} {[%emt 00:00:08]} 31. Bf1 {[%clk
00:21:46]} {[%emt 00:00:51]} Qb1 {[%clk 00:18:06]} {[%emt 00:01:08]} 32. Qh4
{[%clk 00:18:50]} {[%emt 00:03:04]} Nf5 {[%clk 00:14:47]} {[%emt 00:03:30]} 33.
Qd8+ {[%clk 00:18:20]} {[%emt 00:00:40]} Kh7 {[%clk 00:14:47]} {[%emt
00:00:09]} 34. Qd3 {[%clk 00:17:57]} {[%emt 00:00:32]} Qxd3 {[%clk 00:14:44]}
{[%emt 00:00:13]} 35. Bxd3 {[%clk 00:17:57]} {[%emt 00:00:04]} g6 {[%clk
00:14:44]} {[%emt 00:00:04]} 36. Bxf5 {[%clk 00:17:44]} {[%emt 00:00:24]} gxf5
{[%clk 00:14:44]} {[%emt 00:00:04]} 37. Kf2 {[%clk 00:15:20]} {[%emt 00:02:34]}
Kg6 {[%clk 00:11:33]} {[%emt 00:03:21]} 38. Ke2 {[%clk 00:15:20]} {[%emt
00:00:08]} Kf6 {[%clk 00:11:33]} {[%emt 00:00:05]} 39. Kd3 {[%clk 00:13:09]}
{[%emt 00:02:20]} Ke6 {[%clk 00:11:20]} {[%emt 00:00:23]} 40. Kc4 {[%clk
00:13:09]} {[%emt 00:00:02]} Kd6 {[%clk 00:10:50]} {[%emt 00:00:41]} 41. b3
{[%clk 00:13:09]} Kc6 {[%clk 00:10:17]} {[%emt 00:00:42]} 42. Bc1 {[%clk
00:13:09]} {[%emt 00:00:02]} h5 {[%clk 00:10:01]} {[%emt 00:00:27]} 43. Bb2
{[%clk 00:12:04]} {[%emt 00:01:16]} Bd2 {[%clk 00:07:42]} {[%emt 00:02:29]} 44.
Be5 {[%clk 00:09:41]} {[%emt 00:02:31]} Bb4 {[%clk 00:06:10]} {[%emt 00:01:44]}
45. h3 {[%clk 00:09:26]} {[%emt 00:00:25]} Be1 {[%clk 00:06:05]} {[%emt
00:00:14]} 46. Bf6 {[%clk 00:08:01]} {[%emt 00:01:35]} Bd2 {[%clk 00:06:01]}
{[%emt 00:00:15]} 47. Bd8 {[%clk 00:07:08]} {[%emt 00:01:03]} Be1 {[%clk
00:05:32]} {[%emt 00:00:39]} 48. Be7 {[%clk 00:07:08]} {[%emt 00:00:10]} Bb4
{[%clk 00:04:40]} {[%emt 00:01:02]} 49. Bh4 {[%clk 00:06:08]} {[%emt 00:01:09]}
Bd2 {[%clk 00:04:31]} {[%emt 00:00:18]} 50. Bf2 {[%clk 00:06:08]} {[%emt
00:00:09]} Bb4 {[%clk 00:04:31]} {[%emt 00:00:11]} 51. Be3 {[%clk 00:06:08]}
{[%emt 00:00:10]} Ba3 {[%clk 00:04:31]} {[%emt 00:00:10]} 52. Bd2 {[%clk
00:06:06]} {[%emt 00:00:11]} Bb4 {[%clk 00:04:31]} {[%emt 00:00:06]} 53. Bxb4
{[%clk 00:04:31]} {[%emt 00:01:44]} cxb4 {[%clk 00:03:48]} {[%emt 00:00:53]} 54.
g3 {[%clk 00:04:31]} {[%emt 00:00:05]} Kd6 {[%clk 00:00:22]} {[%emt 00:03:37]}
55. Kd4 {[%clk 00:04:02]} {[%emt 00:00:39]} f6 {[%clk 00:00:17]} {[%emt
00:00:15]} 56. Kc4 {[%clk 00:04:02]} {[%emt 00:00:07]} Kc6 {[%clk 00:00:17]}
{[%emt 00:00:05]} 57. h4 {[%clk 00:03:56]} {[%emt 00:00:16]} Kd6 {[%clk
00:00:17]} {[%emt 00:00:01]} 58. Kd4 {[%clk 00:03:53]} {[%emt 00:00:13]} Kc6
{[%clk 00:00:17]} {[%emt 00:00:05]} 59. Kc4 {[%clk 00:03:52]} {[%emt 00:00:10]}
Kd6 {[%clk 00:00:17]} {[%emt 00:00:01]} 60. Kb5 {[%clk 00:03:44]} {[%emt
00:00:18]} Kd5 {[%clk 00:00:14]} {[%emt 00:00:14]} 61. Kb6 {[%clk 00:02:46]}
{[%emt 00:01:07]} Kd4 {[%clk 00:00:08]} {[%emt 00:00:16]} 62. Kxa5 {[%clk
00:02:28]} {[%emt 00:00:29]} Kc3 {[%clk 00:00:08]} {[%emt 00:00:01]} 63. Kb5
{[%clk 00:02:28]} {[%emt 00:00:04]} Kxb3 {[%clk 00:00:08]} {[%emt 00:00:02]} 64.
a5 {[%clk 00:02:28]} Kc2 {[%clk 00:00:08]} {[%emt 00:00:02]} 65. a6 {[%clk
00:02:28]} {[%emt 00:00:01]} b3 {[%clk 00:00:08]} 66. a7 {[%clk 00:02:28]}
{[%emt 00:00:02]} b2 {[%clk 00:00:08]} {[%emt 00:00:02]} 67. a8=Q {[%clk
00:02:28]} {[%emt 00:00:03]} b1=Q+ {[%clk 00:00:08]} {[%emt 00:00:02]} 68. Kc5
{[%clk 00:02:11]} {[%emt 00:00:27]} 1/2-1/2